The prymer, or, Lay folks' prayer book : (Record no. 31976)
[ view plain ]
| 000 -LEADER | |
|---|---|
| fixed length control field | 01174nam a2200289 a 4500 |
| 001 - CONTROL NUMBER | |
| control field | 31976 |
| 003 - CONTROL NUMBER IDENTIFIER | |
| rucl marc code | BD-RJUL |
| 005 - DATE AND TIME OF LATEST TRANSACTION | |
| control field | 20211209051756.0 |
| 008 - FIXED-LENGTH DATA ELEMENTS--GENERAL INFORMATION | |
| fixed length control field | 140423s1895 enkh 000 0 eng |
| 035 ## - SYSTEM CONTROL NUMBER | |
| System control number | (BD-RJUL)32065 |
| -- | ocm00368661 |
| 040 ## - CATALOGING SOURCE | |
| Original cataloging agency | DLC |
| Transcribing agency | DLC |
| Modifying agency | BD-RJUL |
| Language of cataloging | eng |
| 041 ## - LANGUAGE CODE | |
| Language code of text/sound track or separate title | eng |
| 082 04 - DEWEY DECIMAL CLASSIFICATION NUMBER | |
| Edition number | 21 |
| Classification number | 282 |
| Author mark and year | PRY Pt.1 1895 |
| 245 14 - TITLE STATEMENT | |
| Title | The prymer, or, Lay folks' prayer book : |
| Statement of responsibility, etc. | edited by Henry Littlehales from the ms. Dd. 11.82, ab. 1420-30 A.D., in the library of the University of Cambridge. |
| Remainder of title | (with several facsimiles) / |
| Number of part/section of a work | Part 1 |
| Name of part/section of a work | Text. |
| 260 ## - PUBLICATION, DISTRIBUTION, ETC. (IMPRINT) | |
| Place of publication, distribution, etc. | London : |
| Name of publisher, distributor, etc. | Published for the Early English Text Society by Kegan Paul, Trench, Trübner & Co, |
| Date of publication, distribution, etc. | 1895. |
| 300 ## - PHYSICAL DESCRIPTION | |
| Pagination | (Various pagens) : |
| Illustrations | ill. ; |
| Size | 22 cm. |
| 490 1# - SERIES STATEMENT | |
| Series statement | Early English Text Society ; |
| Volume/sequential designation | no. 105 |
| 500 ## - GENERAL NOTE | |
| General note | Text in 15th-cent. English. |
| General note | Part 2, section 1, "The origin of the Prymer," contributed by E. Bishop. |
| 505 0# - FORMATTED CONTENTS NOTE | |
| Formatted contents note | Pt. 1. Text.--pt. 2. Introduction. |
| 610 20 - SUBJECT ADDED ENTRY--CORPORATE NAME | |
| Corporate name or jurisdiction name as entry element | Catholic Church |
| 700 1# - ADDED ENTRY--PERSONAL NAME | |
| Personal name | Littlehales, Henry |
| Dates associated with a name | 1859- |
| 830 #0 - SERIES ADDED ENTRY--UNIFORM TITLE | |
| Volume number/sequential designation | no. 105. |
| 830 #0 - SERIES ADDED ENTRY--UNIFORM TITLE | |
| Uniform title | Early English Text Society (Series). |
| 942 ## - ADDED ENTRY ELEMENTS (KOHA) | |
| Source of classification or shelving scheme | Dewey Decimal Classification |
| Koha item type | Books |
| Lost status | Source of classification or shelving scheme | Damaged status | Not for loan | Collection code | Permanent Location | Current Location | Shelving location | Date acquired | Source of acquisition | Cost, normal purchase price | Total Checkouts | Full call number | Date last seen | Copy number | Koha item type |
|---|---|---|---|---|---|---|---|---|---|---|---|---|---|---|---|
| Dewey Decimal Classification | Not For Loan | Non-fiction | Central Library, University of Rajshahi | Central Library, University of Rajshahi | Reading Room | 12/11/1956 | B. H. Bluckwell | 0.12 | 282 PRY Pt.1 1895 | 23/04/2014 | C-1 | Books |